000 00355nam a2200157Ia 4500
999 _c2140
_d2140
003 OSt
005 20191005143817.0
008 190802s9999 xx 000 0 und d
020 _a978-0133872279
040 _cmaju
100 _aMichael Parkin
245 0 _aEconomics
260 _aNew Delhi
_bMcGraw Hill
_c2016
300 _a784:p
942 _cBK
_2ddc